| 000 | 00979cam a22002892a 4500 | ||
|---|---|---|---|
| 001 | 24431 | ||
| 003 | BD-RjUL | ||
| 005 | 20211209001041.0 | ||
| 008 | 140313t19671966enk 001 0aeng d | ||
| 035 | _a(BD-RjUL)24497 | ||
| 040 |
_aDLC _beng _cDLC _dBD-RjUL |
||
| 041 | _aeng | ||
| 082 | 0 | 4 |
_a920.5 _bNID 1967 |
| 100 | 1 |
_aNicolson, Harold, _d1886-1968 _916947 |
|
| 245 | 1 | 0 |
_aDiaries and letters, 1930-1939 / _cHarold Nicolson ; edited by Nigel Nicolson. |
| 260 |
_aLondon : _bCollins, _cc1966 [impression 1967]. |
||
| 300 |
_a447 p. ; _c24 cm. |
||
| 504 | _aincludes index. | ||
| 600 | 1 | 0 |
_aNicolson, Harold, _d1886-1968 _916947 |
| 650 | 0 |
_aDiplomats _zGreat Britain _vDiaries. _975206 |
|
| 650 | 0 |
_aAuthors, English _y20th century _vDiaries. _961792 |
|
| 650 | 0 |
_aDiplomats _zGreat Britain _vCorrespondence _975207 |
|
| 650 | 0 |
_aAuthors, English _y20th century _vCorrespondence. _958096 |
|
| 700 | 1 |
_aNicolson, Nigel. _975209 |
|
| 830 | 0 |
_aFontana books _975215 |
|
| 942 |
_2ddc _cBK |
||
| 999 |
_c24431 _d24431 |
||